[Event "CZE-ch Seniors 50"]
[Site "Olomouc"]
[Date "2023.08.14"]
[Round "4"]
[White "Zidu, Jan"]
[Black "Krejci, Jan"]
[Result "0-1"]
[WhiteElo "1822"]
[BlackElo "2041"]
[PlyCount "70"]
[EventDate "2023.08.12"]
[EventType "swiss"]
[EventRounds "9"]
[EventCountry "CZE"]
[SourceTitle "EXT 2024"]
[Source "ChessBase"]
[SourceDate "2023.10.10"]
[SourceVersion "1"]
[SourceVersionDate "2023.10.10"]
[SourceQuality "1"]

1. e4 g6 2. d4 Bg7 3. Nc3 a6 4. Nf3 d6 5. h3 Nd7 6. Be3 b5 7. Bd3 Bb7 8. a3 Ngf6 9. d5 0-0 10. Qd2 c6 11. dxc6 Bxc6 12. Nd4 Bb7 13. Bh6 Nc5 14. Bxg7 Kxg7 15. f3 e5 16. Nde2 Qb6 17. 0-0-0 b4 18. axb4 Qxb4 19. Nb1 Qa4 20. Na3 Rfc8 21. Kb1 Rab8 22. Nc3 Qb4 23. Na2 Qa4 24. Nc3 Qa5 25. Na2 Qc7 26. Bc4 Ne8 27. g4 Qb6 28. b3 Nxe4 29. fxe4 Bxe4 30. Kb2 Bxh1 31. Rxh1 Rxc4 32. Nxc4 Qc6 33. Rf1 Qxc4 34. Qf2 a5 35. Kc1 Rxb3 0-1

[Event "FICGS class M 000020 email"]
[Site "FICGS email"]
[Date "2023.04.08"]
[Round "1"]
[White "Glatzel, Hans Joachim"]
[Black "Zidu, Jan"]
[Result "1/2-1/2"]
[WhiteElo "2419"]
[BlackElo "2470"]
[PlyCount "52"]
[EventDate "2023.??.??"]
[EventType "tourn (corr)"]
[EventRounds "1"]
[SourceTitle "Corr 2024"]
[Source "ChessBase"]
[SourceDate "2023.10.19"]
[SourceVersion "1"]
[SourceVersionDate "2023.10.19"]
[SourceQuality "1"]

1. d4 Nf6 2. c4 e6 3. Nf3 d5 4. Nc3 c6 5. e3 Nbd7 6. Qc2 Bd6 7. Bd3 dxc4 8. Bxc4 0-0 9. 0-0 b5 10. Bd3 Bb7 11. a3 Rc8 12. Rd1 a5 13. Ng5 h6 14. Nge4 Be7 15. Nxf6+ Nxf6 16. Qe2 Bd6 17. e4 e5 18. dxe5 Bxe5 19. Be3 Qc7 20. g3 Qe7 21. Rac1 Rfe8 22. Nb1 Qe6 23. f3 h5 24. Nc3 h4 25. Qf2 Red8 26. Bf4 Bd4 1/2-1/2

[Event "FICGS class GM 000012 email"]
[Site "FICGS email"]
[Date "2023.04.08"]
[Round "1"]
[White "Kruse, Herbert"]
[Black "Zidu, Jan"]
[Result "1/2-1/2"]
[WhiteElo "2499"]
[BlackElo "2470"]
[PlyCount "44"]
[EventDate "2023.??.??"]
[EventType "tourn (corr)"]
[EventRounds "6"]
[EventCategory "11"]
[SourceTitle "Corr 2024"]
[Source "ChessBase"]
[SourceDate "2023.10.19"]
[SourceVersion "1"]
[SourceVersionDate "2023.10.19"]
[SourceQuality "1"]

1. c4 e5 2. Nc3 Nf6 3. Nf3 Nc6 4. e4 Bc5 5. Nxe5 Nxe5 6. d4 Bb4 7. dxe5 Nxe4 8. Qd4 Nxc3 9. bxc3 Be7 10. Bf4 0-0 11. Bd3 d6 12. 0-0 Re8 13. Rfd1 Bg4 14. exd6 Bxd6 15. Rd2 Bxf4 16. Qxf4 Bd7 17. Be4 Qe7 18. Re1 g6 19. g3 Bh3 20. Re3 Rad8 21. Bd5 Qf8 22. Qxc7 Rd7 1/2-1/2

[Event "FICGS class M 000020 email"]
[Site "FICGS email"]
[Date "2023.04.08"]
[Round "1"]
[White "Kruse, Herbert"]
[Black "Zidu, Jan"]
[Result "1/2-1/2"]
[WhiteElo "2499"]
[BlackElo "2470"]
[PlyCount "64"]
[EventDate "2023.??.??"]
[EventType "tourn (corr)"]
[EventRounds "1"]
[SourceTitle "Corr 2024"]
[Source "ChessBase"]
[SourceDate "2023.10.19"]
[SourceVersion "1"]
[SourceVersionDate "2023.10.19"]
[SourceQuality "1"]

1. c4 e5 2. Nc3 Nf6 3. Nf3 Nc6 4. e4 Bc5 5. Nxe5 Nxe5 6. d4 Bb4 7. dxe5 Nxe4 8. Qf3 Nxc3 9. bxc3 Ba5 10. Bf4 0-0 11. Rd1 d6 12. Be2 Bd7 13. 0-0 dxe5 14. Bxe5 Qe7 15. Bd4 Rfe8 16. Qg3 g6 17. Bf3 c5 18. Bxc5 Qxc5 19. Rxd7 Rad8 20. Rxd8 Rxd8 21. Bd5 Qe7 22. h4 Bb6 23. h5 Kg7 24. Qh3 h6 25. Qf3 Bc5 26. g3 b6 27. Kg2 Re8 28. Bc6 Rd8 29. Bd5 Re8 30. Re1 Qf8 31. Rxe8 Qxe8 32. Qg4 g5 1/2-1/2

[Event "FICGS class M 000020 email"]
[Site "FICGS email"]
[Date "2023.04.08"]
[Round "1"]
[White "Zidu, Jan"]
[Black "Bernal Varela, Nelson"]
[Result "1/2-1/2"]
[WhiteElo "2470"]
[BlackElo "2490"]
[PlyCount "46"]
[EventDate "2023.??.??"]
[EventType "tourn (corr)"]
[EventRounds "1"]
[SourceTitle "Corr 2024"]
[Source "ChessBase"]
[SourceDate "2023.10.19"]
[SourceVersion "1"]
[SourceVersionDate "2023.10.19"]
[SourceQuality "1"]

1. e4 c5 2. Nf3 e6 3. d4 cxd4 4. Nxd4 Nc6 5. Nc3 a6 6. Be3 Nf6 7. a3 b5 8. Nxc6 dxc6 9. Qxd8+ Kxd8 10. 0-0-0+ Kc7 11. Bf4+ Kb6 12. Be2 Bc5 13. Rd3 a5 14. Rf1 Ra7 15. e5 Nd5 16. Bd2 Be7 17. Re1 Nxc3 18. Rxc3 c5 19. Rf3 Rf8 20. Rg3 Rg8 21. Rf3 Rf8 22. Rg3 Rg8 23. Rf3 Rf8 1/2-1/2

[Event "Olomouc Seniors op"]
[Site "Olomouc"]
[Date "2022.08.19"]
[Round "8"]
[White "Mikulas, Dusan"]
[Black "Zidu, Jan"]
[Result "1-0"]
[WhiteElo "2045"]
[BlackElo "1815"]
[PlyCount "105"]
[EventDate "2022.08.13"]
[EventType "swiss"]
[EventRounds "9"]
[EventCountry "CZE"]
[SourceTitle "CBM 209 Extra"]
[Source "ChessBase"]
[SourceDate "2022.09.30"]
[SourceVersion "1"]
[SourceVersionDate "2022.09.30"]
[SourceQuality "1"]

1. e4 e5 2. Nf3 Nf6 3. Nc3 Nc6 4. d4 exd4 5. Nxd4 Bb4 6. Nxc6 bxc6 7. Bd3 d5 8. exd5 cxd5 9. 0-0 0-0 10. Bg5 c6 11. Qf3 h6 12. Bh4 g5 13. Qg3 Bd6 14. f4 Nh5 15. Qf3 Nxf4 16. Bf2 Qc7 17. g3 Nxd3 18. cxd3 f5 19. Nxd5 Qf7 20. Nc3 Bb7 21. d4 Rac8 22. Rad1 Bb4 23. a3 Ba5 24. b4 Bb6 25. Qd3 Rcd8 26. a4 Bc7 27. a5 Bd6 28. Rb1 a6 29. Qc2 Qc4 30. Qa2 Qxa2 31. Nxa2 f4 32. gxf4 Bxf4 33. Rfe1 Bxh2+ 34. Kf1 Bg3 35. Rb2 Rxd4 36. Re7 Bc8 37. Nc3 Bxf2 38. Rxf2 Rxf2+ 39. Kxf2 Bf5 40. Ra7 Rc4 41. Nd1 Rxb4 42. Rxa6 Ra4 43. Rxc6 Kg7 44. a6 Bd3 45. Rc7+ Kg6 46. a7 Ra6 47. Rc6+ Rxc6 48. a8Q Rf6+ 49. Kg3 Bf5 50. Qg8+ Kh5 51. Qe8+ Rg6 52. Qe2+ g4 53. Qh2+ 1-0

[Event "Olomouc Seniors op"]
[Site "Olomouc"]
[Date "2022.08.18"]
[Round "7"]
[White "Dvorak, Vladimir"]
[Black "Zidu, Jan"]
[Result "0-1"]
[WhiteElo "1900"]
[BlackElo "1815"]
[PlyCount "82"]
[EventDate "2022.08.13"]
[EventType "swiss"]
[EventRounds "9"]
[EventCountry "CZE"]
[SourceTitle "CBM 209 Extra"]
[Source "ChessBase"]
[SourceDate "2022.09.30"]
[SourceVersion "1"]
[SourceVersionDate "2022.09.30"]
[SourceQuality "1"]

1. e4 e6 2. d4 d5 3. Nc3 Nf6 4. Bg5 dxe4 5. Bxf6 Qxf6 6. Nxe4 Qd8 7. Nf3 Be7 8. Bd3 b6 9. Qe2 Bb7 10. 0-0-0 0-0 11. h4 Nd7 12. Nfg5 g6 13. f4 Nf6 14. h5 Nxe4 15. Nxe4 Qxd4 16. hxg6 hxg6 17. c3 Qa4 18. Kb1 Rad8 19. Bc2 Rxd1+ 20. Rxd1 Qc6 21. Qg4 Kg7 22. Ng3 Qxg2 23. Nh5+ Kh6 24. Qxg2 Bxg2 25. Ng3 Bd6 26. Rd2 Bc6 27. Rf2 Kg7 28. Be4 Bb5 29. b3 Rh8 30. c4 Ba6 31. Bc6 Rh4 32. Ne2 Bc8 33. Kc2 e5 34. fxe5 Bxe5 35. Bd5 Bf5+ 36. Kd2 f6 37. Ke3 Bb1 38. a3 Rh3+ 39. Bf3 a5 40. Rg2 f5 41. b4 Rxf3+ 0-1

[Event "FICGS class GM 000010 email"]
[Site "FICGS email"]
[Date "2022.01.21"]
[Round "1"]
[White "Zidu, Jan"]
[Black "Szczepanski, Zbigniew"]
[Result "1/2-1/2"]
[WhiteElo "2507"]
[BlackElo "2482"]
[PlyCount "40"]
[EventDate "2022.??.??"]
[EventType "tourn (corr)"]
[EventRounds "6"]
[EventCategory "11"]
[SourceTitle "Corr 2024"]
[Source "ChessBase"]
[SourceDate "2023.10.19"]
[SourceVersion "1"]
[SourceVersionDate "2023.10.19"]
[SourceQuality "1"]

1. e4 e5 2. Nf3 Nc6 3. Bc4 Nf6 4. d3 Bc5 5. c3 d6 6. 0-0 0-0 7. Nbd2 a5 8. Re1 Be6 9. Bb5 Qb8 10. Nf1 Qa7 11. Be3 Bxe3 12. Nxe3 Ne7 13. a4 Ng6 14. Bc4 Bxc4 15. Nxc4 Rfe8 16. g3 Qb8 17. Ne3 Nf8 18. h4 Qc8 19. b4 axb4 20. cxb4 b6 1/2-1/2

[Event "FICGS rapid silver 000281 email"]
[Site "FICGS email"]
[Date "2021.12.09"]
[Round "2"]
[White "Zidu, Jan"]
[Black "Wilson, Norman"]
[Result "1/2-1/2"]
[WhiteElo "2520"]
[BlackElo "2176"]
[PlyCount "53"]
[EventDate "2021.??.??"]
[EventType "match (rapid)"]
[EventRounds "2"]
[SourceTitle "Corr 2024"]
[Source "ChessBase"]
[SourceDate "2023.10.19"]
[SourceVersion "1"]
[SourceVersionDate "2023.10.19"]
[SourceQuality "1"]

1. e4 e5 2. Nf3 Nc6 3. Bc4 Bc5 4. c3 Nf6 5. d3 a5 6. 0-0 d6 7. Re1 0-0 8. h3 h6 9. Bb5 Ba7 10. Nbd2 Ne7 11. d4 Ng6 12. Bd3 Nh5 13. Nf1 Qf6 14. Ne3 Nhf4 15. Bf1 Re8 16. Nc4 Bd7 17. Be3 Nf8 18. Kh2 b5 19. Na3 c6 20. g3 N4g6 21. Bg2 Qd8 22. Nc2 Qc7 23. dxe5 dxe5 24. Bxa7 Rxa7 25. Ne3 Nh7 26. Qc2 Nf6 27. c4 1/2-1/2

[Event "FICGS class GM 000008 email"]
[Site "FICGS email"]
[Date "2021.10.09"]
[Round "1"]
[White "Zidu, Jan"]
[Black "Janisch, Manfred"]
[Result "1/2-1/2"]
[WhiteElo "2518"]
[BlackElo "2462"]
[PlyCount "48"]
[EventDate "2021.??.??"]
[EventType "tourn (corr)"]
[EventRounds "6"]
[EventCategory "11"]
[SourceTitle "Corr 2024"]
[Source "ChessBase"]
[SourceDate "2023.10.19"]
[SourceVersion "1"]
[SourceVersionDate "2023.10.19"]
[SourceQuality "1"]

1. e4 c5 2. Nf3 d6 3. d4 cxd4 4. Nxd4 Nf6 5. Nc3 a6 6. f3 e5 7. Nb3 Be6 8. Be3 h5 9. Nd5 Bxd5 10. exd5 Nbd7 11. Qd2 g6 12. 0-0-0 Nb6 13. Kb1 Nbxd5 14. Bg5 Be7 15. Bd3 Qc7 16. Rhe1 Nb6 17. a4 0-0-0 18. a5 Nbd7 19. Be3 Kb8 20. Bg1 d5 21. h3 h4 22. Qf2 Kc8 23. f4 e4 24. Be2 Nb8 1/2-1/2

[Event "FICGS unrated 00061 email"]
[Site "FICGS email"]
[Date "2021.10.07"]
[Round "1"]
[White "Paul, Samagata"]
[Black "Zidu, Jan"]
[Result "0-1"]
[WhiteElo "1723"]
[BlackElo "2518"]
[PlyCount "52"]
[EventDate "2021.??.??"]
[EventType "swiss (corr)"]
[EventRounds "1"]
[SourceTitle "Corr 2024"]
[Source "ChessBase"]
[SourceDate "2023.10.19"]
[SourceVersion "1"]
[SourceVersionDate "2023.10.19"]
[SourceQuality "1"]

1. e4 e6 2. d4 d5 3. e5 c5 4. c3 Nc6 5. Nf3 Bd7 6. Be2 Nge7 7. 0-0 Ng6 8. Be3 Be7 9. Nbd2 0-0 10. h3 cxd4 11. cxd4 f6 12. exf6 gxf6 13. Rc1 Bd6 14. a3 Kh8 15. b4 Nce7 16. Nb3 b6 17. Qd2 Rg8 18. Nh2 Nf5 19. g4 Nxe3 20. fxe3 f5 21. Kh1 Qh4 22. Rg1 Qxh3 23. Bf1 Qh4 24. gxf5 Ne7 25. Bd3 Bb5 26. Rcf1 Bxd3 0-1

[Event "FICGS unrated 00061 email"]
[Site "FICGS email"]
[Date "2021.10.07"]
[Round "1"]
[White "Zidu, Jan"]
[Black "Vollmer, Steve"]
[Result "1-0"]
[WhiteElo "2518"]
[BlackElo "1753"]
[PlyCount "75"]
[EventDate "2021.??.??"]
[EventType "swiss (corr)"]
[EventRounds "1"]
[SourceTitle "Corr 2024"]
[Source "ChessBase"]
[SourceDate "2023.10.19"]
[SourceVersion "1"]
[SourceVersionDate "2023.10.19"]
[SourceQuality "1"]

1. e4 c5 2. d4 cxd4 3. Nf3 Nc6 4. Nxd4 d6 5. c4 Nf6 6. Nc3 g6 7. f3 Bg7 8. Be3 0-0 9. Be2 a6 10. 0-0 Qc7 11. Kh1 Bd7 12. Nc2 Ne5 13. Na3 b6 14. Qd2 Be6 15. Rac1 Rab8 16. f4 Nc6 17. Nd5 Qa7 18. Bf3 Rfc8 19. b3 Nd7 20. b4 Bxd5 21. cxd5 Nd8 22. Nc4 Rc7 23. Qe2 Bf8 24. Bg4 Nf6 25. a4 Nxg4 26. Qxg4 Qb7 27. Nxb6 e6 28. Rxc7 Qxc7 29. Rc1 Qb7 30. a5 f5 31. exf5 exf5 32. Qe2 Qa7 33. Bg1 Kf7 34. b5 axb5 35. Qxb5 Qb7 36. a6 Qa7 37. Qa4 Bg7 38. Nc8 1-0

[Event "FICGS class GM 000007 email"]
[Site "FICGS email"]
[Date "2021.09.18"]
[Round "1"]
[White "Zidu, Jan"]
[Black "Janisch, Manfred"]
[Result "1/2-1/2"]
[WhiteElo "2518"]
[BlackElo "2462"]
[PlyCount "54"]
[EventDate "2021.??.??"]
[EventType "tourn (corr)"]
[EventRounds "6"]
[EventCategory "11"]
[SourceTitle "Corr 2024"]
[Source "ChessBase"]
[SourceDate "2023.10.19"]
[SourceVersion "1"]
[SourceVersionDate "2023.10.19"]
[SourceQuality "1"]

1. e4 c5 2. Nf3 d6 3. d4 cxd4 4. Nxd4 Nf6 5. Nc3 a6 6. f3 e5 7. Nb3 Be6 8. Be3 h5 9. Qd2 Nbd7 10. Nd5 Nxd5 11. exd5 Bf5 12. Na5 Rb8 13. a4 Be7 14. Nc4 b6 15. Be2 Bh4+ 16. g3 Be7 17. h4 0-0 18. 0-0 Nf6 19. b4 e4 20. Rae1 Qc7 21. Bd4 Nxd5 22. fxe4 Bxe4 23. Bxh5 f5 24. Bxg7 Kxg7 25. Rxe4 fxe4 26. Qxd5 Rxf1+ 27. Kxf1 Qb7 1/2-1/2

[Event "FICGS W-ch KO final email"]
[Site "FICGS email"]
[Date "2021.07.13"]
[Round "1"]
[White "Broniek, Mariusz Maciej"]
[Black "Zidu, Jan"]
[Result "1-0"]
[WhiteElo "2534"]
[BlackElo "2519"]
[PlyCount "64"]
[EventDate "2021.??.??"]
[EventType "match (corr)"]
[EventRounds "3"]
[SourceTitle "Corr 2024"]
[Source "ChessBase"]
[SourceDate "2023.10.19"]
[SourceVersion "1"]
[SourceVersionDate "2023.10.19"]
[SourceQuality "1"]

1. d4 Nf6 2. c4 e6 3. Nc3 Bb4 4. f3 c5 5. d5 b5 6. e4 d6 7. Nge2 bxc4 8. Nf4 g5 9. Nfe2 exd5 10. exd5 Qe7 11. Bd2 Nbd7 12. Qc2 Nb6 13. Bxg5 h6 14. Bh4 Bxc3+ 15. Qxc3 Nbxd5 16. Qxc4 Rb8 17. Rd1 Rb4 18. Qxd5 Nxd5 19. Bxe7 Nxe7 20. b3 d5 21. g3 0-0 22. Rd2 a5 23. Nc3 Be6 24. Kf2 Rc8 25. Ba6 Rc6 26. Bb5 Rc7 27. Be2 d4 28. Nb5 Rc6 29. Rc1 a4 30. Na7 Rc7 31. Nb5 Rc6 32. bxa4 Rxa4 1-0

[Event "FICGS class GM 000005 email"]
[Site "FICGS email"]
[Date "2021.03.16"]
[Round "1"]
[White "Marciz, Alexander"]
[Black "Zidu, Jan"]
[Result "1/2-1/2"]
[WhiteElo "2454"]
[BlackElo "2483"]
[PlyCount "59"]
[EventDate "2021.??.??"]
[EventType "tourn (corr)"]
[EventRounds "6"]
[EventCategory "11"]
[SourceTitle "Corr 2022"]
[Source "ChessBase"]
[SourceDate "2021.10.24"]
[SourceVersion "1"]
[SourceVersionDate "2021.10.24"]
[SourceQuality "1"]

1. Nf3 d5 2. c4 d4 3. b4 c5 4. e3 Nf6 5. b5 Qc7 6. d3 a6 7. a4 axb5 8. cxb5 Nbd7 9. Be2 dxe3 10. fxe3 g6 11. 0-0 Bg7 12. Bb2 0-0 13. Qe1 Nb6 14. Nc3 Ra5 15. h3 Bf5 16. e4 Be6 17. Bd1 Nfd7 18. Bc2 Rfa8 19. Nd5 Bxd5 20. Bxg7 Kxg7 21. exd5 Nxd5 22. Bb3 c4 23. dxc4 N5f6 24. Qxe7 Qc5+ 25. Qxc5 Nxc5 26. Bd1 Nxa4 27. Bxa4 Rxa4 28. Rxa4 Rxa4 29. Ne5 Ra2 30. c5 1/2-1/2

[Event "FICGS class GM 000005 email"]
[Site "FICGS email"]
[Date "2021.03.16"]
[Round "1"]
[White "Zidu, Jan"]
[Black "Lounek, Jan"]
[Result "1/2-1/2"]
[WhiteElo "2483"]
[BlackElo "2474"]
[PlyCount "41"]
[EventDate "2021.??.??"]
[EventType "tourn (corr)"]
[EventRounds "6"]
[EventCategory "11"]
[SourceTitle "Corr 2022"]
[Source "ChessBase"]
[SourceDate "2021.10.24"]
[SourceVersion "1"]
[SourceVersionDate "2021.10.24"]
[SourceQuality "1"]

1. Nf3 Nf6 2. c4 c6 3. g3 d5 4. Bg2 dxc4 5. 0-0 Nbd7 6. Qc2 Nb6 7. Na3 Be6 8. Ne5 h5 9. Naxc4 Nxc4 10. Nxc4 h4 11. Ne5 hxg3 12. hxg3 Qd4 13. Qc3 Qxc3 14. dxc3 Nd7 15. Nxd7 Bxd7 16. Rd1 e5 17. Be3 Be7 18. b4 f5 19. Rab1 a6 20. a4 g5 21. b5 1/2-1/2

[Event "FICGS class GM 000004 email"]
[Site "FICGS email"]
[Date "2020.11.26"]
[Round "1"]
[White "Bernal Varela, Nelson"]
[Black "Zidu, Jan"]
[Result "1/2-1/2"]
[WhiteElo "2493"]
[BlackElo "2494"]
[PlyCount "59"]
[EventDate "2020.??.??"]
[EventType "tourn (corr)"]
[EventRounds "6"]
[EventCategory "11"]
[SourceTitle "Corr 2022"]
[Source "ChessBase"]
[SourceDate "2021.10.24"]
[SourceVersion "1"]
[SourceVersionDate "2021.10.24"]
[SourceQuality "1"]

1. Nf3 d5 2. d4 Nf6 3. c4 e6 4. e3 b6 5. Bd3 Bb7 6. 0-0 Bd6 7. b3 0-0 8. cxd5 Nxd5 9. Nbd2 Be7 10. Qe2 c5 11. Bb2 Nd7 12. Rfd1 Rc8 13. Bc4 Qc7 14. Rac1 Rfd8 15. g3 h6 16. e4 N5f6 17. a4 Qb8 18. d5 exd5 19. exd5 Re8 20. Nf1 Ng4 21. N3d2 Ndf6 22. f3 Bd6 23. Ne4 Be5 24. Bxe5 Qxe5 25. Nc3 Qb8 26. Qc2 Ne3 27. Nxe3 Rxe3 28. Rd3 Qe5 29. Rcd1 Re8 30. Bb5 1/2-1/2

[Event "FICGS class GM 000004 email"]
[Site "FICGS email"]
[Date "2020.11.26"]
[Round "1"]
[White "Zidu, Jan"]
[Black "Wosch, Arkadiusz Janusz"]
[Result "1-0"]
[WhiteElo "2494"]
[BlackElo "2429"]
[PlyCount "69"]
[EventDate "2020.??.??"]
[EventType "tourn (corr)"]
[EventRounds "6"]
[EventCategory "11"]
[SourceTitle "Corr 2022"]
[Source "ChessBase"]
[SourceDate "2021.10.24"]
[SourceVersion "1"]
[SourceVersionDate "2021.10.24"]
[SourceQuality "1"]

1. e4 c5 2. Nf3 Nc6 3. d4 cxd4 4. Nxd4 Nf6 5. Nc3 d6 6. Bg5 e6 7. Qd2 a6 8. Nxc6 bxc6 9. 0-0-0 h6 10. Bf4 d5 11. Qe3 Bb4 12. Be2 0-0 13. e5 Nd7 14. Qg3 Kh8 15. Qh3 Kh7 16. Bd3+ Kg8 17. Ne2 Qc7 18. Bxh6 gxh6 19. Qxh6 f5 20. g4 Nxe5 21. gxf5 Qh7 22. Rhg1+ Kh8 23. Qe3 Bd6 24. fxe6 Qh4 25. f4 Rxf4 26. e7 Bd7 27. Nxf4 Qxf4 28. Qxf4 Nxd3+ 29. Rxd3 Bxf4+ 30. Kb1 Bd6 31. Rg6 Bxe7 32. Rdg3 Bf8 33. Rg8+ Kh7 34. R3g7+ Bxg7 35. Rxa8 1-0

[Event "FICGS rapid silver 000265 email"]
[Site "FICGS email"]
[Date "2020.11.17"]
[Round "1"]
[White "Zidu, Jan"]
[Black "Marciz, Alexander"]
[Result "1/2-1/2"]
[WhiteElo "2494"]
[BlackElo "2455"]
[PlyCount "63"]
[EventDate "2020.??.??"]
[EventType "match (rapid)"]
[EventRounds "2"]
[SourceTitle "Corr 2022"]
[Source "ChessBase"]
[SourceDate "2021.10.24"]
[SourceVersion "1"]
[SourceVersionDate "2021.10.24"]
[SourceQuality "1"]

1. e4 c5 2. Be2 Nc6 3. f4 g6 4. Nf3 Bg7 5. 0-0 d6 6. d3 e6 7. c3 Nge7 8. Na3 0-0 9. Be3 a6 10. Nc2 b5 11. d4 cxd4 12. Ncxd4 Bb7 13. Nxc6 Bxc6 14. Qd3 f5 15. Ng5 fxe4 16. Nxe4 Nf5 17. Bf2 Qc7 18. Bf3 b4 19. Ng5 Bxf3 20. Qxf3 Qc4 21. cxb4 Bxb2 22. Rae1 Rae8 23. a3 Re7 24. Rb1 Bf6 25. Rbc1 Qb5 26. Ne4 Bd4 27. g4 Bxf2+ 28. Rxf2 Nd4 29. Qe3 e5 30. Nxd6 Qd7 31. fxe5 Qxg4+ 32. Kh1 1/2-1/2

[Event "FICGS class M 000009 email"]
[Site "FICGS email"]
[Date "2020.10.01"]
[Round "1"]
[White "Germanes, Ramil"]
[Black "Zidu, Jan"]
[Result "1/2-1/2"]
[WhiteElo "2448"]
[BlackElo "2496"]
[PlyCount "35"]
[EventDate "2020.??.??"]
[EventType "tourn (corr)"]
[EventRounds "1"]
[SourceTitle "Corr 2024"]
[Source "ChessBase"]
[SourceDate "2023.10.19"]
[SourceVersion "1"]
[SourceVersionDate "2023.10.19"]
[SourceQuality "1"]

1. c4 Nf6 2. Nc3 e6 3. e4 d5 4. e5 d4 5. exf6 dxc3 6. bxc3 Qxf6 7. Nf3 b6 8. d4 h6 9. Bd3 Bb7 10. 0-0 Bxf3 11. Qxf3 Qxf3 12. gxf3 Nd7 13. a4 Bd6 14. a5 Rb8 15. f4 f5 16. h4 Nf6 17. Re1 Kf7 18. Kg2 1/2-1/2

[Event "FICGS class M 000009 email"]
[Site "FICGS email"]
[Date "2020.10.01"]
[Round "1"]
[White "Marciz, Alexander"]
[Black "Zidu, Jan"]
[Result "1/2-1/2"]
[WhiteElo "2431"]
[BlackElo "2496"]
[PlyCount "54"]
[EventDate "2020.??.??"]
[EventType "tourn (corr)"]
[EventRounds "1"]
[SourceTitle "Corr 2024"]
[Source "ChessBase"]
[SourceDate "2023.10.19"]
[SourceVersion "1"]
[SourceVersionDate "2023.10.19"]
[SourceQuality "1"]

1. d4 Nf6 2. c4 e6 3. g3 d5 4. Bg2 Bb4+ 5. Bd2 Be7 6. Nf3 0-0 7. Qc2 Nbd7 8. 0-0 c6 9. Bf4 b6 10. Rd1 Ba6 11. Nbd2 Rc8 12. Rac1 Nh5 13. Be3 h6 14. Ne5 Nhf6 15. h3 Bb7 16. Qa4 a5 17. Ndf3 Nxe5 18. Nxe5 Bd6 19. Qb3 c5 20. Ng4 Nxg4 21. hxg4 cxd4 22. Bxd4 Rxc4 23. Rxc4 dxc4 24. Qxb6 Bxg2 25. Qxd8 Rxd8 26. Bb6 Rc8 27. Kxg2 Bc7 1/2-1/2